Statistics for NCAA FB Champs since 1869

Click here to take the quiz!

General Stats

  • This quiz has been taken 10 times
  • The average score is 82 of 153

Answer Stats

YearRecordHow Many xChampLoser/Runner-UpConference (Present)Answer% Correct
189011-02xPennIvyHarvard
100%
19754-01xYaleIvyHarvard
100%
189910-0-14xYaleIvyHarvard
100%
189811-03xYaleIvyHarvard
100%
189715-02xYaleIvyPenn
100%
189514-01xPrincetonIvyPenn
100%
18701-02xRutgersIvyPrinceton
100%
189311-09xYaleIvyPrinceton
100%
18859-08xYaleIvyPrinceton
100%
189610-0-110xYaleIvyPrinceton
100%
18691-11xRutgersIvyPrinceton
100%
18817-0-27xYaleIvyPrinceton
100%
18794-0-16xYaleIvyPrinceton
100%
18786-05xHarvardIvyPrinceton
100%
18732-04xYaleIvyPrinceton
100%
18721-03xYaleIvyPrinceton
100%
188910-08xPennIvyPrinceton
100%
189416-014xPrincetonIvyYale
100%
190012-015xHarvardIvyYale
100%
189113-012xPrincetonIvyYale
100%
189213-013xPrincetonIvyYale
100%
188813-011xPennIvyYale
100%
18869-0-19xPrincetonIvyYale
100%
18848-0-17xPrincetonIvyYale
100%
18839-06xHarvardIvyYale
100%
18828-05xPrincetonIvyYale
100%
18803-0-14xPrincetonIvyYale
100%
18773-0-13xPrincetonIvyYale
100%
18763-02xPrincetonIvyYale
100%
18743-01xPrincetonIvyYale
100%
18879-010xPrincetonIvyYale
100%
190411-03xPrincetonIvyPenn
89%
190311-011xYaleIvyPrinceton
89%
19079-0-119xMichiganIvyYale
89%
190910-020xMichiganIvyYale
89%
190211-0-116xPrincetonIvyYale
89%
19069-0-118xPrincetonIvyYale
89%
190510-017xPrincetonIvyYale
89%
19129-05xLSUIvyHarvard
78%
19139-06xPittsburghIvyHarvard
78%
190111-01xHarvardBig TenMichigan
78%
202013-015xOhio StateSECAlabama
67%
201713-114xGeorgiaSECAlabama
67%
202114-13xAlabamaSECGeorgia
67%
202215-04xTCUSECGeorgia
67%
190810-01xYaleSECLSU
67%
201915-05xClemsonSECLSU
67%
194910-04xOklahoma-Notre Dame
67%
19439-12xOhio State-Notre Dame
67%
193310-012xMinneostaIvyPrinceton
67%
201213-112xLSUSECAlabama
56%
201112-111xNotre DameSECAlabama
56%
201815-03xAlabamaACCClemson
56%
200613-12xOhio StateSECFlorida
56%
200813-03xOklahomaSECFlorida
56%
200712-24xOhio StateSECLSU
56%
19185-02xPittsburghBig TenMichigan
56%
19469-0-13xArmy-Notre Dame
56%
197312-06xAlabama-Notre Dame
56%
197711-17xArkansas-Notre Dame
56%
198812-08xMiami (FL)-Notre Dame
56%
19669-0-15xMichigan State-Notre Dame
56%
192410-01xPenn-Notre Dame
56%
193110-12xPurduePac-12USC
56%
192910-21xNotre DamePac-12USC
56%
193010-02xNotre DameSECAlabama
44%
193410-03xMinnesotaSECAlabama
44%
200914-010xTexasSECAlabama
44%
201515-013xClemsonSECAlabama
44%
19449-03xOhio State-Army
44%
201013-01xOregonSECAuburn
44%
192010-01xPrincetonPac-12California
44%
201614-12xAlabamaACCClemson
44%
199011-1-11xGeorgia TechPac 12Colorado
44%
201314-03xAuburnACCFlorida State
44%
194211-11xOhio StateSECGeorgia
44%
200313-13xOklahomaSECLSU
44%
198911-13xNotre DameACCMiami
44%
201414-14xOregonBig TenOhio State
44%
191510-01xCornellBig 12Oklahoma
44%
195010-12xTennesseeBig 12Oklahoma
44%
19118-0-11xPittsburghBig TenPenn State
44%
192611-0-11xLafayettePac-12Stanford
44%
200513-03xUSCBig 12Texas
44%
196710-14xOklahomaPac 12USC
44%
196211-03xOle MissPac 12USC
44%
196111-04xOhio StateSECAlabama
33%
197912-08xUSCSECAlabama
33%
196511-16xMichigan StateSECAlabama
33%
197811-17xUSCSECAlabama
33%
196410-15xArkansasSECAlabama
33%
192510-01xDartmouthSECAlabama
33%
19149-01xTexas-Army
33%
19169-02xGeorgia Tech-Army
33%
195710-01xOhio StateSECAuburn
33%
19239-0-12xYalePac-12California
33%
198112-01xSMUACCClemson
33%
198012-02xPittsburghSECGeorgia
33%
19289-02xDetroitACCGeorgia Tech
33%
19179-01xArmyACCGeorgia Tech
33%
198712-02xFlorida StateACCMiami
33%
200113-05xNebraskaACCMiami
33%
19489-04xClemsonBig TenMichigan
33%
194710-03xNotre DameBig TenMichigan
33%
19608-23xOle MissBig TenMinnesota
33%
197010-0-11xTexasBig TenNebraska
33%
197113-02xUSCBig TenNebraska
33%
200214-03xMiamiBig TenOhio State
33%
196810-12xTexasBig TenOhio State
33%
195410-01xUCLABig TenOhio State
33%
197511-16xArizona StateBig 12Oklahoma
33%
197411-05xUSCBig 12Oklahoma
33%
195610-04xGeorgia TechBig 12Oklahoma
33%
195511-03xMichigan StateBig 12Oklahoma
33%
200013-08xFlorida StateBig 12Oklahoma
33%
198511-17xMichiganBig 12Oklahoma
33%
198612-03xOklahomaBig TenPenn State
33%
197612-03xUSCACCPittsburgh
33%
19109-01xYaleACCPittsburgh
33%
193810-01xTCUSECTennessee
33%
196310-01xOle MissBig 12Texas
33%
196910-12xPenn StateBig 12Texas
33%
191910-01xNotre DameSECTexas A&M
33%
197212-04xTexasPac 12USC
33%
200411-05xOklahomaPac 12USC
33%
199213-09xFlorida StateSECAlabama
22%
19369-11xMinnesotaACCDuke
22%
195811-02xIowaSECLSU
22%
195310-11xNotre DameBig TenMaryland
22%
199112-04xWashingtonACCMiami
22%
198311-11xNebraskaACCMiami
22%
199712-05xNebraskaBig TenMichigan
22%
19529-01xGeorgia TechBig TenMichigan State
22%
19418-02xTexasBig TenMinnesota
22%
19408-01xTennesseeBig TenMinnesota
22%
198211-12xSMUBig TenPenn State
22%
19379-0-12xCaliforniaACCPittsburgh
22%
195911-01xOle MissACCSyracuse
22%
193510-11xMinnesotaBig 12TCU
22%
199813-03xFlorida StateSECTennessee
22%
195110-12xMarylandSECTennessee
22%
193911-03xUSCSECTexas A&M
22%
19278-0-12xIllinoisSECTexas A&M
22%
19228-0-12xCaliforniaSECVanderbilt
22%
19217-0-11xWashington & JeffersonSECVanderbilt
22%
198413-01xWashingtonBig 12BYU
11%
19329-01xUSC-Colgate
11%
199612-11xFlorida StateSECFlorida
11%
199312-11xAuburnACCFlorida State
11%
199912-02xVirginia TechACCFlorida State
11%
199512-04xFloridaBig TenNebraska
11%
199413-03xPenn StateBig TenNebraska
11%
19459-01xArmyBig 12Oklahoma A&M
11%

Score Distribution

Percentile by Number Answered

Percent of People with Each Score

Your Score History

You have not taken this quiz